| 000 | 01002nam a22002297a 4500 | ||
|---|---|---|---|
| 999 |
_c58379 _d58379 |
||
| 003 | Ge_BSU | ||
| 005 | 20211223112047.0 | ||
| 008 | 211223r2021 ge ||||| |||| 00| 0 geo d | ||
| 020 | _a9789941839474 | ||
| 041 | _ageo | ||
| 080 | _a929(479.223) დ-90 | ||
| 100 |
_aდუმბაძე, სერგო _91492 |
||
| 245 |
_aაჭარის მოამბე : _b(დავით მამულაძე-110) _cსერგო დუმბაძე, ვლადიმერ მამულაძე; რედ. ნოდარ ბარამიძე. |
||
| 264 |
_aბათუმი, _c2021. |
||
| 300 |
_a152 გვ.: _bსურ.; _c21 სმ. |
||
| 653 | _aდავით მამულაძე | ||
| 653 | _aბიოგრაფია | ||
| 700 |
_aმამულაძე, ვლადიმერ _eავტორი _913349 |
||
| 700 |
_aბარამიძე, ნოდარ _eრედაქტორი _913350 |
||
| 773 | _tნაჩუქარი | ||
| 942 |
_2udc _cBK |
||